Jeux les plus vendus sur les consoles de salon Nintendo - Statistiques

Statistiques générales
  • Ce quiz a été pris 764 fois
  • Le résultat moyen est 4 sur 7
Statistiques - réponses
Consoles de salon Jeux les plus vendus # % Correct
NES Super Mario Bros. 40,24
87%
Wii U Mario Kart 8 8,46
70%
Nintendo 64 Super Mario 64 11,89
70%
Wii Mario Kart Wii 37,14
52%
Nintendo Switch Mario Kart 8 Deluxe 53,79
51%
Super Nintendo Super Mario World 20,61
39%
GameCube Super Smash Bros. Melee 7,07
31%
Aucun quiz correspondant
Distribution des résultats
% des personnes avec chaque résultat
Percentile par nombre de réponses
Votre historique - résultats
Vous n’avez pas pris ce quiz